Masterworks of economics : (Record no. 146035)

MARC details
000 -LEADER
fixed length control field 00771nam a2200229 a 4500
008 - FIXED-LENGTH DATA ELEMENTS--GENERAL INFORMATION
fixed length control field
020 ## - INTERNATIONAL STANDARD BOOK NUMBER
International Standard Book Number 007040805X (v. 2)
049 ## - LOCAL HOLDINGS (OCLC)
Holding library MAIN
090 ## - LOCALLY ASSIGNED LC-TYPE CALL NUMBER (OCLC); LOCAL CALL NUMBER (RLIN)
Classification number (OCLC) (R) ; Classification number, CALL (RLIN) (NR) HB71
003 - CONTROL NUMBER IDENTIFIER
control field
005 - DATE AND TIME OF LATEST TRANSACTION
control field 20230123133305.0
040 ## - CATALOGING SOURCE
Transcribing agency NUST
245 00 - TITLE STATEMENT
Title Masterworks of economics :
Remainder of title digests of ... /
Statement of responsibility, etc. edited by Leonard Dalton Abbott.
260 ## - PUBLICATION, DISTRIBUTION, ETC.
Place of publication, distribution, etc. New York :
Name of publisher, distributor, etc. McGraw-Hill,
Date of publication, distribution, etc. 1973.
300 ## - PHYSICAL DESCRIPTION
Extent 181 p. ;
Dimensions 20 cm.
440 0# - SERIES STATEMENT/ADDED ENTRY--TITLE
Title Masterworks series.
505 ## - FORMATTED CONTENTS NOTE
Miscellaneous information vol. 2.
Title Digests of Ricardo: Principles of political economy and taxation; Owen: A new view of society; Mill: Principles of political economy.
650 ## - SUBJECT ADDED ENTRY--TOPICAL TERM
Topical term or geographic name entry element Economics.
700 12 - ADDED ENTRY--PERSONAL NAME
Personal name ABBOTT, Leonard Dalton.
907 ## - LOCAL DATA ELEMENT G, LDG (RLIN)
a .b10078678
b 25-06-03
c 23-06-03
942 ## - ADDED ENTRY ELEMENTS (KOHA)
Koha item type Ordinary Loan Books
Call number prefix HB71
Holdings
Date last seen Total Checkouts Full call number Barcode Cost, replacement price Price effective from Koha item type Lost status Source of classification or shelving scheme Damaged status Not for loan Collection Withdrawn status Home library Current library Shelving location Date acquired Cost, normal purchase price
01/23/2023 2 HB71 MAS 92003000982 80.00 01/23/2023 BOOKS   LCC     NFIC   MAIN MAIN GEN 01/23/2023 80.00